1000 câu hỏi - đáp về Thăng Long - Hà Nội T.2
Spremljeno u:
| Glavni autor: | |
|---|---|
| Format: | Knjiga |
| Jezik: | Vietnamese |
| Izdano: |
H.
Hà Nội
2009
|
| Teme: | |
| Oznake: |
Dodaj oznaku
Bez oznaka, Budi prvi tko označuje ovaj zapis!
|
| Thư viện lưu trữ: | Mạng thư viện Đại học Đà Nẵng |
|---|
| LEADER | 01143nam a2200349 4500 | ||
|---|---|---|---|
| 001 | 000006963 | ||
| 003 | 3123 | ||
| 005 | 20110927160902.0 | ||
| 008 | 110923s2009 viesd | ||
| 020 | |c 48000 | ||
| 041 | 0 | |a vie | |
| 082 | |a 959.7 |b NG-K | ||
| 100 | 0 | |a Nguyễn Hải Kế | |
| 245 | 1 | 0 | |a 1000 câu hỏi - đáp về Thăng Long - Hà Nội |c Nguyễn Hải Kế Chủ biên |n T.2 |
| 260 | |a H. |b Hà Nội |c 2009 | ||
| 300 | |a 370 tr. |c 20 cm. | ||
| 653 | |a Câu hỏi | ||
| 653 | |a Thăng Long | ||
| 653 | |a Hà Nội | ||
| 653 | |a Lịch sử | ||
| 773 | |t 1000 câu hỏi - đáp về Thăng Long Hà Nội |w 3121 | ||
| 910 | |a Huỳnh Thị Cẩm Lai |d 23/09/2011 | ||
| OWN | |a LSP | ||
| AVA | |a UDN50 |b LSP |d 959.7 NG-K |e check_holdings |t Error 5003 Not defined in file expand_doc_bib_avail. |h N |k 1 | ||
| 999 | |a From the UDN01 | ||
| AVA | |a UDN50 |b LSP |d 959.7 NG-K |e available |t Error 5001 Not defined in file expand_doc_bib_avail. |f 15 |g 0 |h N |i 0 |k 1 | ||
| TYP | |a Monograph | ||
| TYP | |a Printed language | ||
| 980 | |a Mạng thư viện Đại học Đà Nẵng | ||